| 000 | 00575nam a2200181 4500 | ||
|---|---|---|---|
| 001 | 111818 | ||
| 003 | ES-MaACL | ||
| 005 | 20250820124140.0 | ||
| 007 | t| | ||
| 008 | 061121s1969 sp r ||||1| cat d | ||
| 100 | 1 |
_aOriol Anguera, Antonio. _987265 |
|
| 245 | 1 | 0 |
_aCollagen i collagenosi / _cAntonio Oriol Anguera ; apéndice de J. Laporte i salas. |
| 260 |
_aBarcelona : _bLaboratorio del Dr. Esteve, _c1969. |
||
| 300 |
_a248 p. ; _c22 cm. |
||
| 700 | 1 |
_aLaporte i Salas, Josep, _d1922-2005 _970175 |
|
| 852 |
_aES-MaACL _jC-44696 _bR.73204 |
||
| 999 |
_c111818 _d111818 |
||